Statistics for Find Me - Kings Of Leon - All Lyrics

Click here to take the quiz!

General Stats

  • This quiz has been taken 4 times
  • The average score is 161 of 226

Answer Stats

Answer% Correct
find
100%
me
100%
the
100%
to
100%
wanna
100%
a
75%
All
75%
And
75%
and
75%
are,
75%
are
75%
behind
75%
did
75%
face
75%
for,
75%
for
75%
from
75%
How
75%
I
75%
in
75%
Know
75%
know
75%
looking
75%
my
75%
name
75%
on
75%
On
75%
really
75%
See
75%
shadow
75%
way
75%
western
75%
Western
75%
What
75%
who
75%
ya
75%
You
75%
you
75%
your
75%
after
50%
always
50%
away
50%
best
50%
by
50%
dark
50%
day,
50%
day
50%
eyes
50%
Follow
50%
into
50%
life,
50%
nights,
50%
now
50%
rise
50%
seem
50%
shape,
50%
side
50%
sky
50%
smile
50%
smoke
50%
stars
50%
Take
50%
take
50%
Waiting
50%
wild,
50%
at
25%
can't
25%
Come
25%
come
25%
door
25%
escape
25%
feel
25%
got
25%
gray
25%
of
25%
out
25%
turn
25%
twisted
25%
with
25%
knocking
0%

Score Distribution

Percentile by Number Answered

Percent of People with Each Score

Your Score History

You have not taken this quiz